| 000 | 00602nam a2200193 4500 | ||
|---|---|---|---|
| 010 | _aA-943090 | ||
| 035 | _aA-943090 | ||
| 037 | _bCen Lib / Ret | ||
| 040 |
_aDPL _bEN |
||
| 082 |
_a342.029 _bBHA |
||
| 245 |
_aOrigin & development of legal & political system in India / _cedited by H. S. Bhatia |
||
| 260 |
_aNew Delhi _bDeep & Deep Publicaitons _c1976 |
||
| 270 |
_aD-1/24 Rajouri Garden _bNew Delhi _e110027 |
||
| 300 |
_a(v 2. 220) _b24cm(Hb) |
||
| 650 | _a Law -- India -- History. | ||
| 650 |
_aIndia _vlaw |
||
| 700 | _aBhatia, H. S. | ||
| 942 |
_2ddc _cEN _h342.029 _mBHA |
||
| 999 |
_c136719 _d136719 |
||